000 00619nam a2200241Ia 4500
003 OSt
005 20221007082217.0
006 a|||||r|||| 00| 0
007 ta
008 221006b |||||||| |||| 00| 0 eng d
024 _a16,920
037 _cReports / Technical Reports
040 _aFLL
_cFLL
_beng
041 _2eng
_aeng
082 _aX9J:Z2q, J0.2
110 _aGovt. Of India
245 0 _aAgricultural legislation in India
260 _c1950
300 _a80p
_ccm.
700 _aGovt. Of India
942 _hX9J:Z2q, J0.2
_cREP
_2CC
999 _c1165692
_d1165692